000 00267nam a2200109Ia 4500
008 230907s9999||||xx |||||||||||||| ||und||
082 _a620.118
_bGAY
100 _aGay, Daniel,
_954875
245 0 _aComposite materials :
300 _axxiii, 611 pages :
942 _cBK
999 _c600783
_d600783